A$AP Rocky Charting Songs (Billboard Hot 100) - Statistics

General Stats
  • This quiz has been taken 124 times
    17 since last reset
  • The average score is 13 of 34
Answer Stats
Album Weeks On Peak Artist(s) Song % Correct
Long. Live. A$AP 27 Weeks #8 A$AP Rocky ft. Drake, 2 Chainz & Kendrick Lamar Fuckin' Problems
75%
Spider-Man: Across the Spider-Verse (Soundtrack from & Inspired by the Motion Picture) 4 Weeks #51 Metro Boomin', A$AP Rocky & Roisee Am I Dreaming
67%
At. Long. Last. A$AP 2 Weeks #92 A$AP Rocky ft. Rod Stewart, Miguel & Mark Ronson Everyday
67%
Don't Be Dumb 2 Weeks #24 A$AP Rocky Helicopter
67%
Don't Be Dumb 2 Weeks #56 A$AP Rocky Punk Rocky
67%
Don't Be Dumb 4 Weeks #23 A$AP Rocky ft. Brent Faiyaz Stay Here 4 Life
67%
Testing 8 Weeks #45 A$AP Rocky ft. Skepta Praise The Lord (Da Shine)
58%
Don't Be Dumb 1 Week #73 A$AP Rocky Don't Be Dumb / Trip Baby
50%
Heroes & Villains 1 Week #59 Metro Boomin' & A$AP Rocky ft. Takeoff Feel the Fiyaaaah
50%
At. Long. Last. A$AP 3 Weeks #62 A$AP Rocky L$D
50%
Long. Live. A$AP 1 Week #86 A$AP Rocky Long Live A$AP
50%
Don't Be Dumb 2 Weeks #33 A$AP Rocky Stole Ya Flow
50%
Non-Album Single 1 Week #85 A$AP Rocky ft. J. Cole Ruby Rosary
42%
Don't Be Dumb 1 Week #88 A$AP Rocky ft. Gorillaz & Westside Gunn Whiskey (Release Me)
42%
Long. Live. A$AP 16 Weeks #80 A$AP Rocky ft. Skrillex Wild For The Night
42%
Testing 2 Weeks #63 A$AP Rocky ft. Moby A$AP Forever
33%
At. Long. Last. A$AP 2 Weeks #80 A$AP Rocky ft. ScHoolboy Q Electric Body
33%
Revival 26 Weeks #5 Selena Gomez ft. A$AP Rocky Good For You
33%
Non-Album Single 1 Week #89 A$AP Rocky & Jessica Pratt Highjack
33%
The Beautiful & Damned 29 Weeks #4 G-Eazy ft. A$AP Rocky & Cardi B No Limit
33%
Don't Be Dumb 1 Week #59 A$AP Rocky Playa
33%
Don't Be Dumb 1 Week #62 A$AP Rocky ft. Bossman Dlow & Sauce Walka Stop Snitching
33%
Non-Album Single 1 Week #69 A$AP Rocky Babushka Boi
25%
Ethereal 1 Week #87 $NOT & A$AP Rocky Doja
25%
Punk 1 Week #68 Young Thug ft. Post Malone & A$AP Rocky Livin' It Up
25%
Don't Be Dumb 1 Week #54 A$AP Rocky Order of Protection
25%
Dex Meets Dexter 20 Weeks #54 Famous Dex ft. A$AP Rocky Pick It Up
25%
WE STILL DON'T TRUST YOU 1 Week #71 Future, Metro Boomin' & A$AP Rocky Show of Hands
25%
Non-Album Single 1 Week #84 A$AP Rocky Tailor Swif
25%
Lil Boat 3 1 Week #83 Lil Yachty & Tierra Whack ft. A$AP Rocky & Tyler, The Creator T.D
25%
Call Me If You Get Lost: The Estate Sale 1 Week #89 Tyler, The Creator & A$AP Rocky WHARF TALK
25%
Stay Dangerous 2 Weeks #98 YG ft. A$AP Rocky Handgun
17%
Don't Be Dumb 1 Week #65 A$AP Rocky No Trespassing
17%
Don't Be Dumb 1 Week #81 A$AP Rocky Air Force (Black Demarco)
8%
No matching quizzes found
Score Distribution
Percent of People with Each Score
Percentile by Number Answered
Your Score History
You have not taken this quiz since the last reset